000 00274nam a22001217a 4500
008 171124b xxu||||| |||| 00| 0 eng d
041 _aeng
080 _a159.9
100 _a51
101 _aPSI
245 _aFROM CHILHOOD TO ADOLESCENCE
_cADAMS.G.G
942 _2udc
_cBK
999 _c38515
_d38515